The Islamic connections :South Asia and the Gulf (Record no. 22657)

MARC details
000 -LEADER
fixed length control field 00892cam a2200193 i 4500
020 ## - INTERNATIONAL STANDARD BOOK NUMBER
ISBN 9780190862985
020 ## - INTERNATIONAL STANDARD BOOK NUMBER
ISBN 019086298X
082 ## - DEWEY DECIMAL CLASSIFICATION NUMBER
Classification number 320.954
Author Cutter CHR
245 00 - TITLE STATEMENT
Title The Islamic connections :South Asia and the Gulf
260 ## - PUBLICATION, DISTRIBUTION, ETC. (IMPRINT)
Place of publication New Delhi
Name of publisher Penguin Random House
Year of publication 2017
300 ## - PHYSICAL DESCRIPTION
Number of Pages xv, 304 pages ;
490 1# - SERIES STATEMENT
Series statement Comparative politics and international studies series
520 ## - SUMMARY, ETC.
Summary, etc "Connections of trade, family, learning and faith have existed between South Asia and the Gulf for hundreds of years. This book focuses on their workings in the modern period with especial emphasis on Islam. It demonstrates the significant and complex interactions which take place across the region, some of which are of strategic potential."--review on page [4] of cover.
650 #0 - SUBJECT ADDED ENTRY--TOPICAL TERM
Topical Term Muslims
942 ## - ADDED ENTRY ELEMENTS (KOHA)
Koha item type Books
700 1# -
-- Jaffrelot, Christophe,
700 1# -
-- Louër, Laurence,
Holdings
Home library Current library Shelving location Date acquired Cost, normal purchase price Full call number Accession Number Koha item type
Henry Martyn Institute Library Henry Martyn Institute Library General stacks 04/16/2019 699.00 320.954 CHR 25578 Books
                   Copyright © 2026 | Henry Martyn Institute | Hyderabad | TS-500052 | INDIA | Implemented by hmi.edu.in
Hit-Count:

Powered by Koha